Obálka Náhled e-knihy:
Epub
Pro půjčování e-knih musíte být přihlášeni.
Jak si půjčit online?

Osud mě má rád /

Uloženo v:
Hlavní autor: Monyová, Simona, 1967-2011 (Autor)
Médium: E-kniha
Jazyk:Czech
Vydáno: Brno : Belami, 2015
Vydání:Vydání třetí
Témata:
Tagy:
Žádné tagy
LEADER 01300nam a2200349 i 4500
001 302545
003 CZ PrSKC
005 20260513063242.0
007 ta
008 151106s2015 xr e 000 f cze
015 |a cnb002751426 
020 |a 9788087166147  |q (vázáno) :  |c Kč 169,00 
035 |a (OCoLC)934901002 
040 |a BOA001  |b cze  |e rda 
072 7 |a 821.162.3-3  |x Česká próza  |2 Konspekt 
080 |a 821.162.3-31  |2 MRF 
080 |a (0:82-31)  |2 MRF 
100 1 |a Monyová, Simona,  |d 1967-2011  |7 jn19990218070  |4 aut 
245 1 0 |a Osud mě má rád /  |c Simona Monyová 
250 |a Vydání třetí 
264 1 |a Brno :  |b Belami,  |c 2015 
300 |a 122 stran ;  |c 20 cm 
336 |a text  |b txt  |2 rdacontent 
337 |a bez média  |b n  |2 rdamedia 
338 |a svazek  |b nc  |2 rdacarrier 
655 7 |a české romány  |7 fd133974  |2 czenas 
655 9 |a Czech fiction  |2 eczenas 
900 |a ABA001  |b 19 
044 |a xr 
910 |a RBIT002 
998 |d 427062  |a https://core.palmknihy.cz/api/books/427062/cover?tewz5j  |b https://core.palmknihy.cz/api/books/427062/cover/400?tewz5j  |c https://core.palmknihy.cz/api/books/427062/cover/50?tewz5j  |e   |g 128  |i 9788087166147  |j https://core.palmknihy.cz/api/books/427062/preview.epub  |l   |q 49  |r 1  |s https://www.palmknihy.cz/kniha/427062  |t ebook  |y 2026  |z 0 
999 |d 302543